| 000 | 00448nam a2200181Ia 4500 | ||
|---|---|---|---|
| 001 | 4776 | ||
| 005 | 20260306145820.0 | ||
| 008 | 260306t2001||||xx |||||||||||||| ||spa|| | ||
| 041 | _aESP | ||
| 082 |
_a330.05 _bC76 |
||
| 100 |
_aComisión Económica para América Latina y el Caribe _eAUT |
||
| 245 | 0 | _aEquidad, desarrollo y ciudadanía | |
| 260 | _c2001 | ||
| 300 |
_a _c23 cm. |
||
| 650 | _aGEN | ||
| 654 | _aCAN | ||
| 942 |
_cLIB _dJUS _fJUS _2ddc _n |
||
| 999 |
_c4776 _d4776 |
||